| 000 | 00479nam a2200169 a 4500 | ||
|---|---|---|---|
| 005 | 20210223125417.0 | ||
| 008 | 040811s1998 mx r 000 0 spa d | ||
| 035 | _aUPN01000134189 | ||
| 049 | _aCG | ||
| 050 | 4 |
_aKGF510 _bB3.7 |
|
| 100 | 1 | _aBailón Valdovinos, Rosalío | |
| 245 | 1 | 0 |
_aTeoría y práctica del divorcio en México / _cRosalio Bailón Valdovinos. |
| 260 |
_aPuebla : _bOGS, _c1998. |
||
| 300 | _a217 p. | ||
| 650 | 4 |
_aDIVORCIO - _zMEXICO _915050 |
|
| 905 | _aLibro | ||
| 999 |
_c106340 _d106340 |
||